Monitoring and Investigation Rules (Record no. 121370)
[ view plain ]
| 000 -LEADER | |
|---|---|
| fixed length control field | 01223nam a22002177a 4500 |
| 008 - FIXED-LENGTH DATA ELEMENTS--GENERAL INFORMATION | |
| fixed length control field | 230208s2022 xxk|||||o|||| 00| 0 eng d |
| 041 ## - LANGUAGE CODE | |
| Language code of text/sound track or separate title | eng |
| 110 ## - MAIN ENTRY--CORPORATE NAME | |
| Corporate author | Royal Institution of Chartered Surveyors |
| 245 ## - TITLE STATEMENT | |
| Title | Monitoring and Investigation Rules |
| Medium | [Electronic resource] |
| 250 ## - EDITION | |
| Edition statement | Version 5 |
| 260 ## - PUBLICATION INFORMATION | |
| Place of publication | London, |
| Publisher | Royal Institution of Chartered Surveyors, |
| Date | 2022 |
| 300 ## - PHYSICAL DESCRIPTION | |
| Physical description | 6p. |
| 490 ## - SERIES TITLE | |
| Series statement | RICS Regulation |
| 500 ## - GENERAL NOTE | |
| General note | <br/> |
| 520 ## - ABSTRACT | |
| Abstract | These Monitoring and Investigation Rules are made by the Standards and Regulation Board of the Royal Institution of Chartered Surveyors (RICS) under Article 18 of the Supplemental Charter 1973 of RICS and Bye-Laws made under Article 17 of that Charter. Version 5 of these Rules shall come into force on 2 February 2022. The Conduct of Firms and Members are governed by the Rules of Conduct and RICS Scheme Rules, together with approved standards, guidance and help sheets<br/> |
| 650 ## - KEYWORDS | |
| Keywords | PROFESSIONAL STANDARDS |
| 651 ## - SUBJECT ADDED ENTRY--GEOGRAPHIC NAME | |
| Geographic name | International |
| 710 ## - ADDED CORPORATE NAME | |
| Added corporate author | Royal Institution of Chartered Surveyors |
| 856 ## - ONLINE RESOURCE | |
| Uniform Resource Identifier | <a href="https://www.rics.org/content/dam/ricsglobal/documents/regulation/monitoring_and_investigation_rules_version_7.pdf">https://www.rics.org/content/dam/ricsglobal/documents/regulation/monitoring_and_investigation_rules_version_7.pdf</a> |
| Public note | Available free on RICS.org |
| 942 ## - ADDED ENTRY ELEMENTS (KOHA) | |
| Suppress in OPAC | Do not suppress in OPAC |
| Lost status | Damaged status | Not for loan | Current library | Shelving location | Date acquired | Total Checkouts | Full call number | Date last seen | Price effective from | Koha item type |
|---|---|---|---|---|---|---|---|---|---|---|
| Virtual | Online | 17/07/2023 | ONLINE PUBLICATION | 17/07/2023 | 17/07/2023 | Online material |